[Event "Titled Tuesday intern op 25th Mar Early"]
[Site "Chess.com INT"]
[Date "2025.03.25"]
[Round "1"]
[White "Kevlishvili, Robby"]
[Black "Wernberg, Hugo"]
[Result "1-0"]
[WhiteElo "2536"]
[BlackElo "2233"]
[PlyCount "121"]
[EventDate "2025.03.25"]
[EventType "swiss (blitz)"]
[EventRounds "11"]
[EventCountry "USA"]
[SourceTitle "CB14_2025"]
[SourceDate "2024.11.01"]
[SourceVersion "1"]
[SourceVersionDate "2024.11.01"]
[SourceQuality "1"]

1. e4 c5 2. Nf3 Nc6 3. d4 cxd4 4. Nxd4 e5 5. Nb5 d6 6. Bc4 Be7 7. N1c3 a6 8. Na3 b5 9. Bd5 Bd7 10. Nab1 Nf6 11. 0-0 0-0 12. a3 Rc8 13. Ba2 Nd4 14. Be3 Qb6 15. Nd5 Nxd5 16. Bxd5 Qd8 17. c3 Ne6 18. Nd2 Bg5 19. Bxg5 Nxg5 20. Qe2 Kh8 21. Rfd1 f5 22. exf5 Bxf5 23. Nf1 Qf6 24. Ne3 Bd7 25. h4 Nf7 26. g3 Nh6 27. Bg2 Bc6 28. Rd2 Bxg2 29. Kxg2 Nf7 30. Rad1 Qe6 31. Qg4 Qxg4 32. Nxg4 a5 33. Ne3 Rc5 34. Nf5 b4 35. cxb4 axb4 36. axb4 Rb5 37. Nxd6 Nxd6 38. Rxd6 Rxb4 39. Rd8 Kg8 40. Rxf8+ Kxf8 41. Rd2 e4 42. Kf1 Kf7 43. Ke1 Rb3 44. Re2 Kf6 45. Kd1 Kf5 46. Kc2 Rb8 47. Kc3 h6 48. b4 g5 49. hxg5 hxg5 50. Kc4 g4 51. b5 Ke5 52. Kc5 Rc8+ 53. Kb6 Kd4 54. Kb7 Rc3 55. b6 Rb3 56. Kc7 Kc5 57. b7 Kd4 58. b8Q Rxb8 59. Kxb8 Kd3 60. Re3+ Kd4 61. Kc7 1-0

[Event "Titled Tuesday intern op 25th Mar Early"]
[Site "Chess.com INT"]
[Date "2025.03.25"]
[Round "7"]
[White "Palomo, Franklin Annervys"]
[Black "Wernberg, Hugo"]
[Result "0-1"]
[WhiteElo "2234"]
[BlackElo "2233"]
[PlyCount "98"]
[EventDate "2025.03.25"]
[EventType "swiss (blitz)"]
[EventRounds "11"]
[EventCountry "USA"]
[SourceTitle "CB14_2025"]
[SourceDate "2024.11.01"]
[SourceVersion "1"]
[SourceVersionDate "2024.11.01"]
[SourceQuality "1"]

1. Nf3 d5 2. c4 c6 3. e3 Nf6 4. Qc2 e6 5. Nc3 Nbd7 6. b3 Bd6 7. Bb2 0-0 8. Ng5 e5 9. cxd5 cxd5 10. Nxd5 h6 11. h4 g6 12. Bc4 hxg5 13. Ne7+ Kg7 14. Nf5+ gxf5 15. Qxf5 Rh8 16. 0-0-0 gxh4 17. Qg5+ Kf8 18. Rxh4 Rxh4 19. Qxh4 b5 20. Bxb5 a6 21. Bc4 Nb6 22. Be2 Bf5 23. d3 Ke7 24. Kb1 Qh8 25. Qg3 Rg8 26. Qf3 Bg4 27. Qb7+ Nbd7 28. f3 Be6 29. g4 Qh2 30. Bf1 Qf2 31. d4 exd4 32. Bxd4 Nd5 33. Qxa6 Qxf3 34. Be2 Qe4+ 35. Bd3 Qxg4 36. Rc1 Bf5 37. e4 Bxe4 38. Re1 f5 39. Qc4 Ke6 40. Bb2 Qf3 41. Bxe4 fxe4 42. Rxe4+ Ne5 43. Bxe5 Rg1+ 44. Kb2 Bxe5+ 45. Ka3 Qf8+ 46. b4 Qa8+ 47. Kb3 Rb1+ 48. Kc2 Rb2+ 49. Kd1 Rxb4 0-1

[Event "Titled Tuesday intern op 11th Mar Early"]
[Site "Chess.com INT"]
[Date "2025.03.11"]
[Round "10"]
[White "Boraso, Alessio"]
[Black "Wernberg, Hugo"]
[Result "1-0"]
[WhiteElo "2204"]
[BlackElo "2233"]
[PlyCount "69"]
[EventDate "2025.03.11"]
[EventType "swiss (blitz)"]
[EventRounds "11"]
[EventCountry "USA"]
[SourceTitle "CB12_2025"]
[SourceDate "2025.03.19"]
[SourceVersion "1"]
[SourceVersionDate "2025.03.19"]
[SourceQuality "1"]

1. e4 c5 2. Nf3 Nc6 3. c3 e6 4. d4 d5 5. e5 Bd7 6. Be2 Nge7 7. 0-0 cxd4 8. cxd4 Qb6 9. Nc3 Nf5 10. Na4 Qd8 11. a3 h5 12. b4 a6 13. Bb2 g5 14. Rc1 g4 15. Ne1 Ncxd4 16. Nc5 Nxe2+ 17. Qxe2 Bb5 18. Ned3 b6 19. Nb7 Qg5 20. Rc7 Rg8 21. Rfc1 Be7 22. a4 Bxd3 23. Qxd3 Kf8 24. R1c2 h4 25. Bc1 Qg6 26. Rd7 g3 27. hxg3 hxg3 28. fxg3 Qxg3 29. Qxg3 Rxg3 30. Rcc7 Re8 31. Nd6 Nxd6 32. exd6 Bg5 33. Rxf7+ Kg8 34. Rg7+ Kf8 35. Rcf7# 1-0

[Event "Titled Tuesday intern op 11th Mar Early"]
[Site "Chess.com INT"]
[Date "2025.03.11"]
[Round "11"]
[White "Sobek, Jaroslav"]
[Black "Wernberg, Hugo"]
[Result "0-1"]
[WhiteElo "2189"]
[BlackElo "2233"]
[PlyCount "72"]
[EventDate "2025.03.11"]
[EventType "swiss (blitz)"]
[EventRounds "11"]
[EventCountry "USA"]
[SourceTitle "CB12_2025"]
[SourceDate "2025.03.19"]
[SourceVersion "1"]
[SourceVersionDate "2025.03.19"]
[SourceQuality "1"]

1. d4 d5 2. c4 c6 3. Nf3 Nf6 4. Nc3 e6 5. Bg5 Nbd7 6. e3 Qa5 7. cxd5 Nxd5 8. Qd2 Bb4 9. Rc1 b6 10. Bd3 Ba6 11. 0-0 0-0 12. Bxa6 Qxa6 13. e4 Nxc3 14. bxc3 Ba3 15. Rb1 f6 16. Be3 f5 17. exf5 exf5 18. Bf4 Nf6 19. Be5 Ne4 20. Qc2 c5 21. Ne1 c4 22. f3 Nd6 23. Qf2 Nf7 24. Bf4 Bd6 25. Bxd6 Nxd6 26. Qg3 Qxa2 27. Rc1 f4 28. Qg5 Rae8 29. Qd5+ Nf7 30. Rc2 Qa4 31. Rcf2 Re3 32. Nc2 Rxc3 33. Na1 Ra3 34. Nc2 Ra2 35. Qe4 c3 36. h4 Re8 0-1

[Event "Titled Tuesday intern op 11th Mar Early"]
[Site "Chess.com INT"]
[Date "2025.03.11"]
[Round "6"]
[White "Wernberg, Hugo"]
[Black "Volkov, Maksim"]
[Result "0-1"]
[WhiteElo "2233"]
[BlackElo "2325"]
[PlyCount "122"]
[EventDate "2025.03.11"]
[EventType "swiss (blitz)"]
[EventRounds "11"]
[EventCountry "USA"]
[SourceTitle "CB12_2025"]
[SourceDate "2025.03.19"]
[SourceVersion "1"]
[SourceVersionDate "2025.03.19"]
[SourceQuality "1"]

1. e4 g6 2. d4 Bg7 3. Nf3 d5 4. exd5 Qxd5 5. Nc3 Qa5 6. Bd2 c6 7. Bc4 Nf6 8. Ne5 0-0 9. 0-0 Nbd7 10. Ne4 Qd8 11. Ng5 Nd5 12. Ngxf7 Rxf7 13. Nxf7 Kxf7 14. Bb3 Bxd4 15. c4 N5f6 16. c5+ Kg7 17. Re1 Nxc5 18. Bc3 Nxb3 19. axb3 Bb6 20. Qe2 Kf7 21. Rad1 Qc7 22. Rd4 Bxd4 23. Bxd4 Qd6 24. Be5 Qe6 25. Qd2 Qd5 26. Qh6 Be6 27. Bxf6 Kxf6 28. Qxh7 Qh5 29. Qxh5 gxh5 30. f4 Bxb3 31. Kf2 Rd8 32. Ke3 Bc4 33. g3 Rd3+ 34. Kf2 Rd2+ 35. Ke3 Rxb2 36. Rc1 b5 37. h4 a5 38. Kd4 a4 39. Kc3 a3 40. Ra1 Rb3+ 41. Kc2 Rxg3 42. f5 a2 43. Kb2 Rg2+ 44. Ka3 Kxf5 45. Re1 a1Q+ 46. Rxa1 Ra2+ 47. Rxa2 Bxa2 48. Kb4 Ke6 49. Kc5 Kd7 50. Kb4 Kd6 51. Kc3 c5 52. Kd2 Kd5 53. Ke3 Kc4 54. Kf4 b4 55. Kg5 b3 56. Kf4 b2 57. Kg3 b1Q 58. Kf3 Qd3+ 59. Kf4 Kd4 60. Kg5 Bb1 61. Kh6 Qg6# 0-1

[Event "Titled Tuesday intern op 28th Jan Early"]
[Site "Chess.com INT"]
[Date "2025.01.28"]
[Round "1"]
[White "Goltsev, Dmitry"]
[Black "Wernberg, Hugo"]
[Result "1-0"]
[WhiteElo "2226"]
[BlackElo "2209"]
[PlyCount "101"]
[EventDate "2025.01.28"]
[EventType "swiss (blitz)"]
[EventRounds "11"]
[EventCountry "USA"]
[SourceTitle "CB06_2025"]
[SourceDate "2025.02.05"]
[SourceVersion "1"]
[SourceVersionDate "2025.02.05"]
[SourceQuality "1"]

1. e4 c5 2. Nf3 Nc6 3. d4 cxd4 4. Nxd4 e5 5. Nf5 d5 6. Qxd5 Qxd5 7. exd5 Bxf5 8. dxc6 bxc6 9. Bd3 Bxd3 10. cxd3 0-0-0 11. Ke2 Ne7 12. Nc3 Nd5 13. Be3 Kb7 14. Rhc1 Nb4 15. Rd1 f5 16. f3 Nd5 17. Rac1 g6 18. Nxd5 cxd5 19. Rc3 d4 20. Rb3+ Ka8 21. Bg5 Rc8 22. Bf6 Rg8 23. Bxe5 Bg7 24. Bxg7 Rxg7 25. Rb4 Re7+ 26. Kd2 Rce8 27. Rxd4 Re2+ 28. Kc3 Rxg2 29. Rd2 Rg1 30. b3 h5 31. Rd7 h4 32. Rh7 g5 33. Kb4 Re3 34. Rc2 Kb8 35. Rcc7 Rxd3 36. Rb7+ Kc8 37. Rxa7 Kb8 38. Raf7 Rd8 39. Rxf5 Re1 40. Rxg5 Re3 41. Rf5 Rde8 42. Rxh4 R3e7 43. a4 Ka8 44. Ka3 Kb8 45. Rff4 Ka8 46. Re4 Rxe4 47. Rxe4 Rh8 48. h4 Ka7 49. Rg4 Ka6 50. Rg6+ Ka5 51. b4# 1-0

[Event "Titled Tuesday intern op 28th Jan Early"]
[Site "Chess.com INT"]
[Date "2025.01.28"]
[Round "4"]
[White "Korchynskyi, Mykola"]
[Black "Wernberg, Hugo"]
[Result "1-0"]
[WhiteElo "2287"]
[BlackElo "2209"]
[PlyCount "48"]
[EventDate "2025.01.28"]
[EventType "swiss (blitz)"]
[EventRounds "11"]
[EventCountry "USA"]
[SourceTitle "CB06_2025"]
[SourceDate "2025.02.05"]
[SourceVersion "1"]
[SourceVersionDate "2025.02.05"]
[SourceQuality "1"]

1. d4 d5 2. c4 c6 3. Nc3 Nf6 4. cxd5 cxd5 5. Bf4 Nc6 6. e3 a6 7. Nf3 Bf5 8. Bd3 Bg6 9. 0-0 e6 10. Rc1 Bd6 11. Bg3 0-0 12. Na4 Ne4 13. Bxd6 Qxd6 14. Nc5 Nxc5 15. Rxc5 b6 16. Rc3 Rfc8 17. Bxg6 hxg6 18. Qc2 Na7 19. Rc1 Rxc3 20. Qxc3 Rc8 21. Qxc8+ Nxc8 22. Rxc8+ Kh7 23. Ng5+ Kh6 24. Nxf7+ Kh5 1-0

[Event "Titled Tuesday intern op 28th Jan Early"]
[Site "Chess.com INT"]
[Date "2025.01.28"]
[Round "2"]
[White "Wernberg, Hugo"]
[Black "Thomas, Anysia"]
[Result "1-0"]
[WhiteElo "2209"]
[BlackElo "2144"]
[PlyCount "67"]
[EventDate "2025.01.28"]
[EventType "swiss (blitz)"]
[EventRounds "11"]
[EventCountry "USA"]
[SourceTitle "CB06_2025"]
[SourceDate "2025.02.05"]
[SourceVersion "1"]
[SourceVersionDate "2025.02.05"]
[SourceQuality "1"]

1. e4 c5 2. Nf3 g6 3. d4 cxd4 4. Bc4 Nc6 5. c3 d3 6. h4 Bg7 7. h5 d6 8. Bf4 gxh5 9. Ng5 e6 10. Qxh5 Qf6 11. Bxd6 Nh6 12. Nd2 Ne5 13. Bxe5 Qxe5 14. Nxe6 Bxe6 15. Qxe5 Bxe5 16. Bxe6 Bg7 17. Bd5 0-0-0 18. f3 Kb8 19. 0-0-0 f5 20. Nc4 fxe4 21. Bxe4 d2+ 22. Rxd2 Rxd2 23. Nxd2 Nf7 24. Rxh7 Rxh7 25. Bxh7 Bh6 26. Kd1 Kc7 27. Ke2 Kd6 28. Bc2 Ke5 29. g3 Nd6 30. f4+ Kd5 31. Bb3+ Kc5 32. Kf3 b5 33. Ne4+ Nxe4 34. Kxe4 1-0

[Event "Titled Tuesday intern op 07th Jan Early"]
[Site "Chess.com INT"]
[Date "2025.01.07"]
[Round "5"]
[White "Lai, Duc Minh1"]
[Black "Wernberg, Hugo"]
[Result "1-0"]
[WhiteElo "2073"]
[BlackElo "2209"]
[PlyCount "99"]
[EventDate "2025.01.07"]
[EventType "swiss (blitz)"]
[EventRounds "11"]
[EventCountry "USA"]
[SourceTitle "CB03_2025"]
[SourceDate "2025.01.15"]
[SourceVersion "1"]
[SourceVersionDate "2025.01.15"]
[SourceQuality "1"]

1. d4 d5 2. Bf4 Nf6 3. Nc3 e6 4. Nb5 Na6 5. e3 Be7 6. Nf3 0-0 7. h4 c6 8. Nc3 c5 9. Ne5 Bd7 10. g4 Be8 11. Bxa6 bxa6 12. g5 Ne4 13. Nxe4 dxe4 14. dxc5 Qa5+ 15. c3 Rd8 16. Qc2 Qxc5 17. Qxe4 Bd6 18. 0-0-0 Bb5 19. Rd4 Bxe5 20. Qxe5 Qxe5 21. Bxe5 Rxd4 22. exd4 f6 23. gxf6 gxf6 24. Rg1+ Kf7 25. Bd6 Rg8 26. Rxg8 Kxg8 27. Bb8 Kf7 28. Bxa7 e5 29. dxe5 fxe5 30. Bb8 Ke6 31. Kd2 Bc6 32. c4 Bb7 33. Kc3 e4 34. Kd4 Ba8 35. b4 Kd7 36. Kc5 Kc8 37. Bf4 Kb7 38. a4 Ka7 39. Kd6 Kb6 40. Be3+ Kb7 41. c5 Kc8 42. c6 Kd8 43. b5 axb5 44. axb5 Kc8 45. b6 Kd8 46. b7 Bxb7 47. cxb7 Ke8 48. Ke6 Kf8 49. Bh6+ Kg8 50. b8Q# 1-0

[Event "Titled Tuesday intern op 07th Jan Early"]
[Site "Chess.com INT"]
[Date "2025.01.07"]
[Round "8"]
[White "Perossa, Nicolas"]
[Black "Wernberg, Hugo"]
[Result "0-1"]
[WhiteElo "2238"]
[BlackElo "2209"]
[PlyCount "42"]
[EventDate "2025.01.07"]
[EventType "swiss (blitz)"]
[EventRounds "11"]
[EventCountry "USA"]
[SourceTitle "CB03_2025"]
[SourceDate "2025.01.15"]
[SourceVersion "1"]
[SourceVersionDate "2025.01.15"]
[SourceQuality "1"]

1. d4 d5 2. c4 c6 3. e3 Nf6 4. Nf3 e6 5. b3 Ne4 6. Nbd2 f5 7. Ne5 Qf6 8. f3 Qh4+ 9. g3 Nxg3 10. hxg3 Qxh1 11. cxd5 exd5 12. Kf2 Nd7 13. f4 Bb4 14. Ndf3 Nf6 15. Ng5 h6 16. Qf3 hxg5 17. fxg5 Ne4+ 18. Ke2 Rh2+ 19. Kd3 b6 20. Nc4 Qxf3 21. Be2 Qxe2# 0-1

[Event "Titled Tuesday intern op 07th Jan Early"]
[Site "Chess.com INT"]
[Date "2025.01.07"]
[Round "6"]
[White "Veloso, Henrique Barbosa"]
[Black "Wernberg, Hugo"]
[Result "0-1"]
[WhiteElo "2221"]
[BlackElo "2209"]
[PlyCount "82"]
[EventDate "2025.01.07"]
[EventType "swiss (blitz)"]
[EventRounds "11"]
[EventCountry "USA"]
[SourceTitle "CB03_2025"]
[SourceDate "2025.01.15"]
[SourceVersion "1"]
[SourceVersionDate "2025.01.15"]
[SourceQuality "1"]

1. d4 d5 2. c4 c6 3. Nf3 Nf6 4. e3 e6 5. Bd3 Ne4 6. 0-0 Nd7 7. Bxe4 dxe4 8. Nfd2 f5 9. f3 exf3 10. Nxf3 Be7 11. b3 0-0 12. Ba3 Bxa3 13. Nxa3 Qf6 14. c5 e5 15. Nc4 e4 16. Nfd2 Qh6 17. Nd6 Nf6 18. N2c4 Ng4 19. h3 Nxe3 20. Qc1 Nxf1 21. Qxf1 Be6 22. Ne5 Qe3+ 23. Qf2 Qxf2+ 24. Kxf2 Bd5 25. g3 g5 26. Nd7 Rfd8 27. Nf6+ Kg7 28. Nxd5 cxd5 29. Nxb7 Rd7 30. Nd6 f4 31. gxf4 gxf4 32. Rg1+ Kh8 33. Rg4 Rf8 34. Nb5 Re7 35. Nc3 f3 36. Nd1 e3+ 37. Ke1 f2+ 38. Nxf2 exf2+ 39. Kf1 Re1+ 40. Kg2 f1Q+ 41. Kh2 Qf2+ 0-1

[Event "Titled Tuesday intern op 07th Jan Early"]
[Site "Chess.com INT"]
[Date "2025.01.07"]
[Round "1"]
[White "Wernberg, Hugo"]
[Black "Alonso Rosell, Alvar"]
[Result "1-0"]
[WhiteElo "2209"]
[BlackElo "2544"]
[PlyCount "101"]
[EventDate "2025.01.07"]
[EventType "swiss (blitz)"]
[EventRounds "11"]
[EventCountry "USA"]
[SourceTitle "CB03_2025"]
[SourceDate "2025.01.15"]
[SourceVersion "1"]
[SourceVersionDate "2025.01.15"]
[SourceQuality "1"]

1. e4 c6 2. Nf3 d5 3. Nc3 Nf6 4. e5 Ne4 5. Ne2 Qb6 6. d4 e6 7. c3 c5 8. g3 Nc6 9. Bg2 Bd7 10. 0-0 Rc8 11. Ne1 cxd4 12. cxd4 f6 13. f3 Ng5 14. Bxg5 fxg5 15. f4 gxf4 16. Rxf4 Nxe5 17. Nd3 Nxd3 18. Qxd3 Bd6 19. Rf2 Kd8 20. Nf4 Kc7 21. Re1 Rce8 22. Rfe2 Bxf4 23. gxf4 g6 24. Bh3 Rhf8 25. Qc3+ Kb8 26. Qd2 a6 27. Re5 Rf6 28. b3 Ref8 29. Qe3 Rxf4 30. Bxe6 Bxe6 31. Rxe6 Qb5 32. Re8+ Ka7 33. Rxf8 Rxf8 34. Rd1 Rf5 35. Re1 Qd7 36. Re2 h6 37. Rf2 Rg5+ 38. Rg2 Rxg2+ 39. Kxg2 Qg4+ 40. Kf2 h5 41. Qe5 Qh4+ 42. Ke3 Qh3+ 43. Kf2 Qd7 44. Ke3 h4 45. Kf4 Qf7+ 46. Kg5 h3 47. Kg4 Qf2 48. Kxh3 Qxa2 49. Qxd5 Qf2 50. Kg4 Qg1+ 51. Kh3 1-0

[Event "Titled Tuesday intern op 07th Jan Early"]
[Site "Chess.com INT"]
[Date "2025.01.07"]
[Round "3"]
[White "Wernberg, Hugo"]
[Black "Eltigani, Omar"]
[Result "1-0"]
[WhiteElo "2209"]
[BlackElo "2224"]
[PlyCount "63"]
[EventDate "2025.01.07"]
[EventType "swiss (blitz)"]
[EventRounds "11"]
[EventCountry "USA"]
[SourceTitle "CB03_2025"]
[SourceDate "2025.01.15"]
[SourceVersion "1"]
[SourceVersionDate "2025.01.15"]
[SourceQuality "1"]

1. e4 c5 2. Nf3 e6 3. b3 Nf6 4. e5 Nd5 5. Nc3 Nxc3 6. dxc3 d5 7. Bd3 Nc6 8. Bf4 Be7 9. Qe2 Qa5 10. Bd2 Qc7 11. 0-0 a6 12. a4 b6 13. c4 d4 14. Bf4 Bb7 15. Bg3 h5 16. h4 a5 17. Nd2 Qd8 18. f4 Bxh4 19. Bxh4 Qxh4 20. Ne4 0-0 21. Nd6 Nxe5 22. fxe5 Bc6 23. Be4 Bxe4 24. Qxe4 Qg5 25. Rf2 Rad8 26. Re1 f6 27. Nb5 f5 28. Qf4 Qg6 29. Nd6 Kh7 30. Rf3 Rd7 31. Rg3 Kg8 32. Rxg6 1-0

[Event "Titled Tuesday intern op 07th Jan Early"]
[Site "Chess.com INT"]
[Date "2025.01.07"]
[Round "4"]
[White "Wernberg, Hugo"]
[Black "Piesik, Piotr"]
[Result "0-1"]
[WhiteElo "2209"]
[BlackElo "2422"]
[PlyCount "52"]
[EventDate "2025.01.07"]
[EventType "swiss (blitz)"]
[EventRounds "11"]
[EventCountry "USA"]
[SourceTitle "CB03_2025"]
[SourceDate "2025.01.15"]
[SourceVersion "1"]
[SourceVersionDate "2025.01.15"]
[SourceQuality "1"]

1. e4 g6 2. d4 Bg7 3. Be3 c6 4. Nc3 d5 5. e5 Nh6 6. Bxh6 Bxh6 7. Nf3 Bg4 8. Bd3 c5 9. dxc5 Nc6 10. h3 Bxf3 11. Qxf3 e6 12. Qg3 Qa5 13. 0-0 Qxc5 14. Kh1 Qb4 15. Nb5 0-0 16. f4 a6 17. c3 Qxb2 18. Rab1 Qxa2 19. Nd6 b5 20. Qh4 Bg7 21. Ra1 Qd2 22. Rfd1 Qxc3 23. Rac1 Qb4 24. Rxc6 Bxe5 25. Qe7 Qxf4 26. Rf1 Qh2# 0-1

[Event "Titled Tuesday intern op 07th Jan Early"]
[Site "Chess.com INT"]
[Date "2025.01.07"]
[Round "7"]
[White "Wernberg, Hugo"]
[Black "Senft, Sean"]
[Result "1-0"]
[WhiteElo "2209"]
[BlackElo "2054"]
[PlyCount "57"]
[EventDate "2025.01.07"]
[EventType "swiss (blitz)"]
[EventRounds "11"]
[EventCountry "USA"]
[SourceTitle "CB03_2025"]
[SourceDate "2025.01.15"]
[SourceVersion "1"]
[SourceVersionDate "2025.01.15"]
[SourceQuality "1"]

1. e4 c5 2. Nf3 d6 3. Bb5+ Bd7 4. c4 Nf6 5. Nc3 g6 6. 0-0 Bg7 7. d3 0-0 8. h3 a6 9. Bxd7 Nfxd7 10. Be3 Nc6 11. Qd2 Nde5 12. Nh2 e6 13. f4 Nd7 14. f5 Nd4 15. Bxd4 Bxd4+ 16. Kh1 Ne5 17. Qh6 Nd7 18. Ng4 Bg7 19. Qf4 g5 20. Qxd6 h5 21. fxe6 hxg4 22. e7 Qc8 23. exf8Q+ Bxf8 24. Qd5 Be7 25. Qxf7+ Kh8 26. Qh5+ Kg8 27. Qg6+ Kh8 28. Rf7 Nf8 29. Qg7# 1-0

[Event "Titled Tuesday intern op 09th Jul Early"]
[Site "Chess.com INT"]
[Date "2024.07.09"]
[Round "10"]
[White "Dinu, Dumitru Daniel"]
[Black "Wernberg, Hugo"]
[Result "0-1"]
[WhiteElo "2190"]
[BlackElo "2208"]
[PlyCount "90"]
[EventDate "2024.07.09"]
[EventType "swiss (blitz)"]
[EventRounds "11"]
[EventCountry "USA"]
[SourceTitle "EXT 2025"]
[Source "ChessBase"]
[SourceDate "2024.10.14"]
[SourceVersion "1"]
[SourceVersionDate "2024.10.14"]
[SourceQuality "1"]

1. c4 c6 2. g3 d5 3. Bg2 Nf6 4. Nf3 dxc4 5. 0-0 Nbd7 6. Qc2 Nb6 7. Na3 Be6 8. Ne5 Qd4 9. Nxc6 bxc6 10. Bxc6+ Kd8 11. Nb5 Qe5 12. Bxa8 Nxa8 13. a4 h5 14. d4 Qd5 15. Nc3 Qd7 16. e4 h4 17. d5 Bh3 18. Rd1 Ng4 19. e5 Nxh2 20. Kxh2 hxg3+ 21. Kg1 gxf2+ 22. Kxf2 Bf5 23. e6 Bxc2 24. exd7 Bxd1 25. Nxd1 Nb6 26. Ne3 Rh1 27. a5 Nxd7 28. Kg2 Re1 29. Kf2 Rh1 30. Kg2 Rh5 31. Nxc4 Rxd5 32. Be3 a6 33. Nb6 Rd3 34. Kf3 f5 35. Ke2 Rd6 36. Rc1 Ke8 37. Rc8+ Kf7 38. Rc7 Ne5 39. Bf4 Re6 40. Kf1 Nd3 41. Bg5 f4 42. Nd5 f3 43. Bh4 Re5 44. Nc3 Rxa5 45. Nb1 Ra1 0-1

[Event "Titled Tuesday intern op 09th Jul Early"]
[Site "Chess.com INT"]
[Date "2024.07.09"]
[Round "4"]
[White "Kushko, Dmitriy"]
[Black "Wernberg, Hugo"]
[Result "0-1"]
[WhiteElo "2444"]
[BlackElo "2208"]
[PlyCount "64"]
[EventDate "2024.07.09"]
[EventType "swiss (blitz)"]
[EventRounds "11"]
[EventCountry "USA"]
[SourceTitle "EXT 2025"]
[Source "ChessBase"]
[SourceDate "2024.10.14"]
[SourceVersion "1"]
[SourceVersionDate "2024.10.14"]
[SourceQuality "1"]

1. e4 c5 2. Nf3 Nc6 3. g3 e5 4. Bg2 Nf6 5. 0-0 Be7 6. Nc3 0-0 7. Bh3 Rb8 8. d3 b5 9. Nd5 d6 10. Bxc8 Qxc8 11. c4 Nxd5 12. cxd5 Nd8 13. Qe2 Qh3 14. Kh1 f5 15. Ng1 Qg4 16. Qxg4 fxg4 17. Kg2 Nf7 18. f3 gxf3+ 19. Nxf3 h6 20. Bd2 Kh7 21. b4 cxb4 22. Bxb4 Rbc8 23. Rfc1 a5 24. Bd2 Ng5 25. Rxc8 Rxc8 26. Nxg5+ Bxg5 27. Bxa5 Rc2+ 28. Kh1 Be3 29. Bb4 Bd4 30. Rb1 Kg6 31. Bxd6 Kh5 32. Be7 Kg4 0-1

[Event "Titled Tuesday intern op 30th Apr Early"]
[Site "Chess.com INT"]
[Date "2024.04.30"]
[Round "6"]
[White "Vusatiuk, Vladimir"]
[Black "Wernberg, Hugo"]
[Result "0-1"]
[WhiteElo "2309"]
[BlackElo "2189"]
[PlyCount "112"]
[EventDate "2024.04.30"]
[EventType "swiss (blitz)"]
[EventRounds "11"]
[EventCountry "USA"]
[SourceTitle "CBM 220 Extra"]
[Source "ChessBase"]
[SourceDate "2024.07.31"]
[SourceVersion "1"]
[SourceVersionDate "2024.07.31"]
[SourceQuality "1"]

1. e4 e5 2. Nf3 Nc6 3. d4 exd4 4. Bc4 Bc5 5. Ng5 Nh6 6. Nxf7 Nxf7 7. Bxf7+ Kxf7 8. Qh5+ g6 9. Qxc5 d5 10. 0-0 dxe4 11. Bg5 Qd6 12. Qxd6 cxd6 13. c3 h6 14. Bf4 d5 15. cxd4 Nxd4 16. Nc3 Ne6 17. Be5 Rd8 18. Rad1 Nc5 19. Nxd5 Be6 20. Nc7 Rxd1 21. Rxd1 Rc8 22. Nxe6 Kxe6 23. Bg7 Nd3 24. Bc3 b5 25. a3 a5 26. Bxa5 Rc2 27. Bb6 Rxb2 28. f3 Kd5 29. fxe4+ Kxe4 30. h3 Rb3 31. Ra1 Nb2 32. Bc5 Na4 33. Bf8 h5 34. h4 Kf5 35. Re1 Nc3 36. Bb4 Ne4 37. Rf1+ Kg4 38. Rf8 Ng3 39. Kf2 Rb1 40. Ke3 Re1+ 41. Kd2 Re2+ 42. Kd3 Rxg2 43. Rg8 Kxh4 44. Rxg6 Kh3 45. Kd4 h4 46. Kc5 Ne4+ 47. Kxb5 Rxg6 48. a4 Nd6+ 49. Bxd6 Rxd6 50. a5 Kg2 51. a6 Rd8 52. a7 Rh8 53. Kb6 h3 54. Kb7 h2 55. a8Q Rxa8 56. Kxa8 h1Q 0-1

[Event "Titled Tuesday intern op 30th Apr Early"]
[Site "Chess.com INT"]
[Date "2024.04.30"]
[Round "10"]
[White "Wernberg, Hugo"]
[Black "Williams, Simon Kim"]
[Result "0-1"]
[WhiteElo "2189"]
[BlackElo "2467"]
[PlyCount "92"]
[EventDate "2024.04.30"]
[EventType "swiss (blitz)"]
[EventRounds "11"]
[EventCountry "USA"]
[SourceTitle "CBM 220 Extra"]
[Source "ChessBase"]
[SourceDate "2024.07.31"]
[SourceVersion "1"]
[SourceVersionDate "2024.07.31"]
[SourceQuality "1"]

1. e4 c5 2. Nf3 d6 3. Bb5+ Nc6 4. 0-0 Bd7 5. Re1 a6 6. Bf1 e5 7. c3 g5 8. d4 g4 9. d5 Na7 10. Bg5 f6 11. Bh4 gxf3 12. Qxf3 h5 13. Be2 Qe7 14. b4 Rc8 15. a4 Qg7 16. b5 axb5 17. axb5 Nxb5 18. Bxb5 Bxb5 19. h3 Be7 20. Ra7 Ba6 21. Qf5 Rd8 22. f4 Nh6 23. Qe6 Qf7 24. f5 Qxe6 25. fxe6 f5 26. Bxe7 Kxe7 27. Na3 Rhg8 28. Nb5 Rc8 29. Ra1 Kf6 30. R1xa6 bxa6 31. Nxd6 Rb8 32. e7 fxe4 33. e8Q Rgxe8 34. Nxe8+ Rxe8 35. Rxa6+ Kg5 36. Rc6 Rf8 37. Rxc5 e3 38. d6 Kf4 39. Kf1 Nf5 40. d7 Rd8 41. Rd5 Ke4 42. Rd1 Ng7 43. Rd6 Nf5 44. Rd1 Ng3+ 45. Ke1 Rf8 46. d8Q Rf1# 0-1

[Event "Norrkoeping Easter op"]
[Site "Norrkoeping"]
[Date "2024.03.29"]
[Round "2"]
[White "Willstedt, Lukas"]
[Black "Wernberg, Hugo"]
[Result "0-1"]
[WhiteElo "1980"]
[BlackElo "2189"]
[PlyCount "58"]
[EventDate "2024.03.29"]
[EventType "swiss"]
[EventRounds "8"]
[EventCountry "SWE"]
[SourceTitle "CBM 219 Extra"]
[Source "ChessBase"]
[SourceDate "2024.05.31"]
[SourceVersion "1"]
[SourceVersionDate "2024.05.31"]
[SourceQuality "1"]

1. d4 d5 2. Bf4 c5 3. e3 Nc6 4. Nf3 Bf5 5. Nbd2 e6 6. c3 Nf6 7. Be2 Qb6 8. Qc1 cxd4 9. exd4 Be7 10. 0-0 0-0 11. Nh4 Bg4 12. Bxg4 Nxg4 13. Nhf3 Rfc8 14. Nb3 a5 15. h3 Nf6 16. Be3 Nd7 17. Ne5 Ncxe5 18. dxe5 Qc7 19. f4 a4 20. Nd4 a3 21. Bf2 Nc5 22. Ne2 Nd3 23. Qd2 axb2 24. Rab1 Qc4 25. Rfd1 Nxf2 26. Kxf2 Bc5+ 27. Kg3 Ba3 28. Rxb2 Bxb2 29. Qxb2 Rxa2 0-1

[Event "Rilton Cup 51st"]
[Site "Stockholm"]
[Date "2023.12.28"]
[Round "2"]
[White "Gombocz, Ferenc Jr"]
[Black "Wernberg, Hugo"]
[Result "1/2-1/2"]
[WhiteElo "2330"]
[BlackElo "2207"]
[PlyCount "57"]
[EventDate "2023.12.27"]
[EventType "swiss"]
[EventRounds "9"]
[EventCountry "SWE"]
[SourceTitle "CBM 218 Extra"]
[Source "ChessBase"]
[SourceDate "2024.03.31"]
[SourceVersion "1"]
[SourceVersionDate "2024.03.31"]
[SourceQuality "1"]

1. d4 d5 2. Nf3 Nf6 3. Bf4 c5 4. e3 Nc6 5. Nbd2 Qb6 6. dxc5 Qxb2 7. Rb1 Qc3 8. Bb5 g6 9. e4 dxe4 10. Be5 Qa5 11. 0-0 exf3 12. Bxc6+ bxc6 13. Qxf3 Nd5 14. Bxh8 Qxd2 15. c4 f6 16. Rfd1 Qc3 17. cxd5 Qxf3 18. gxf3 Bf5 19. Rb7 0-0-0 20. Rxa7 Kb8 21. Ra6 cxd5 22. Rd4 Kc7 23. Rb4 d4 24. Rbb6 d3 25. Ra7+ Kc8 26. Ra8+ Kc7 27. Ra7+ Kc8 28. Ra8+ Kc7 29. Ra7+ 1/2-1/2